Sistema web para el control del uso de los laboratorios FEC UNI (SWCUL)
Presenta un proyecto de sistema web que tiene como propósito diseñar, desarrollar e implementar un sistema web que ayude a controlar los préstamos de laboratorios en la UNI y el uso de los mismos, el cual está basado en tecnología web actualizada.
| Main Authors: | , |
|---|---|
| Other Authors: | |
| Format: | Tesis Section = Libro |
| Language: | Undetermined Spanish |
| Published: |
Managua
UNI
2019
|
| Subjects: |
| LEADER | 01136nam a2200277Ia 4500 | ||
|---|---|---|---|
| 008 | 240830s9999 xx 000 0 und d | ||
| 040 | |a BIBLIOTECA-RUSB/ Mon 005.74 V293 | ||
| 041 | |a spa | ||
| 082 | |a Mon 005.74 V293 | ||
| 100 | 1 | |a Varela Pérez, Jimmy Daniel | |
| 100 | 1 | |b Guerrero Garay, Dayana Massiel | |
| 245 | 1 | 0 | |a Sistema web para el control del uso de los laboratorios FEC UNI (SWCUL) |
| 260 | |a Managua |b UNI |c 2019 | ||
| 300 | |a 129 p. :il. | ||
| 500 | |a Contiene: anexos y CD. | ||
| 502 | |a Tesis (Ingeniero en Computación) - UNI, 2019. | ||
| 520 | 3 | |a Presenta un proyecto de sistema web que tiene como propósito diseñar, desarrollar e implementar un sistema web que ayude a controlar los préstamos de laboratorios en la UNI y el uso de los mismos, el cual está basado en tecnología web actualizada. | |
| 650 | 7 | |a DESARROLLO DE SISTEMA WEB | |
| 650 | 7 | |b SITIO WEB | |
| 650 | 7 | |c DISEÑO- construcción DE SISTEMA | |
| 650 | 7 | |d REGISTRO DE INFORMACION ACADEMICA | |
| 650 | 7 | |e CONTROL DE LABORATORIO | |
| 700 | 1 | |a Tutor: |b Chávez Mairena, Luis Eduardo | |
| 942 | |c BK |2 ddc | ||
| 991 | |a TESIS | ||
| 999 | |c 19837 | ||